Urban transport planning and management / (Record no. 15327)

MARC details
000 -LEADER
fixed length control field 00964nam a22002537a 4500
005 - DATE AND TIME OF LATEST TRANSACTION
control field 2008090307237.0
008 - FIXED-LENGTH DATA ELEMENTS--GENERAL INFORMATION
fixed length control field 080903t xxu||||| |||| 00| 0 eng d
010 ## - LCCN (DPL NO)
LC control number ENG-90914
020 ## - INTERNATIONAL STANDARD BOOK NUMBER
International Standard Book Number 9788131304419
Terms of availability 1295.00
035 ## - SYSTEM CONTROL NUMBER
System control number EN-74447
037 ## - SOURCE OF ACQUISITION
Source of stock number/acquisition DBAD / PUB
040 ## - CATALOGING SOURCE
Original cataloging agency DPL
Language of cataloging English
082 ## - DEWEY DECIMAL CLASSIFICATION NUMBER
Classification number 388.406
100 ## - MAIN ENTRY--PERSONAL NAME
Personal name Jain, A.K.
245 ## - TITLE STATEMENT
Title Urban transport planning and management /
Statement of responsibility, etc by A.K. Jain
260 ## - PUBLICATION, DISTRIBUTION, ETC. (IMPRINT)
Place of publication, distribution, etc New Delhi
Name of publisher, distributor, etc APH Publishing House
Date of publication, distribution, etc 2009
270 ## - ADDRESS
Address 4435-36/7, Ansari Raod, Darya Ganj,
City New Delhi
Postal code 110002
Telephone number 23274050
300 ## - PHYSICAL DESCRIPTION
Extent 355p.:
Dimensions 23 cm (Hb)
Other physical details ill; maps.
500 ## - GENERAL NOTE
General note Includes bibliographical references and index
650 ## - SUBJECT ADDED ENTRY--TOPICAL TERM
Topical term or geographic name as entry element Urban transportation
650 ## - SUBJECT ADDED ENTRY--TOPICAL TERM
Topical term or geographic name as entry element Transportation
General subdivision Planning
942 ## - ADDED ENTRY ELEMENTS (KOHA)
Source of classification or shelving scheme Dewey Decimal Classification
Item type English Books
Call number suffix JAI
Classification part 388.406
Holdings
Withdrawn status Lost status Source of classification or shelving scheme Damaged status Not for loan Home library Current library Date acquired Source of acquisition Cost, normal purchase price Total Checkouts Full call number Barcode Date last seen Copy number Cost, replacement price Koha item type
    Dewey Decimal Classification   Not For Loan D.B.Act.Division D.B.Act.Division 04/09/2008 DBAD / PUB 1295.00   388.406 JAI EN-74447 15/09/2008 1 1295.00 English Books

© Delhi Public Library
Hit Counter
free hit counter